Introdução à análise funcional /

Guardado en:
Autor Principal: Nowosad, Pedro.
Formato: Libro
Idioma:Portuguese
Publicado: [Recife?] : Instituto de Matemática, Univ. Federal de Pernambuco, 1969.
Series:Textos de matemática ; no. 18
Etiquetas: Agregar Etiqueta
Sin Etiquetas, Sea el primero en etiquetar este registro!
LEADER 00686nam a22001815a 4500
001 MAT.inmabb001796
008 031218s1969####bl############000#0#por#d
005 20170519141826.0
245 1 0 |a Introdução à análise funcional /  |c Pedro Nowosad. 
260 |a [Recife?] :  |b Instituto de Matemática, Univ. Federal de Pernambuco,  |c 1969. 
300 |a 104 p. ;  |c 24 cm. 
440 0 |a Textos de matemática ;  |v no. 18 
500 |a "Reprodução con pequenas alterações, das notas publicadas para o 6º Colóquio Brasileiro de Matemática." 
504 |a Bibliografía: p.103-104. 
510 4 |a MR,  |c 41 #4177 
100 1 |a Nowosad, Pedro. 
084 |a 46.00  |2 MR 
859 |h 46  |i N948i  |p A-3236  |b BIB. MATEMATICA